000 00886nam a2200253 i 4500
003 DO-SdBNP
005 20250129073606.0
007 ta
008 221207e199? dr a|||gr|||| 00| 0 spa d
040 _aDO-SdBNP
_bspa
_cBNPHU
_erda
082 4 _axxx
_bR426a
_222
100 1 _aBalcácer, Juan Daniel,
_d1949-
_eautor
_96566
245 1 0 _aAcerca de la Bandera Dominicana. /
_cJuan Daniel Balcácer
264 _aSanto Domingo :
_bGobierno de Concentración Nacional,
_c[fecha de reproducción no identificada]
300 _a32 página :
_bilustración ;
_c16 cm.
336 _ardacontent
_btexto
_2txt
337 _ardamedia
_bsin mediación
_2n
338 _ardacarrier
_bvolumen
_2na
590 _aInventariado 2022 / MF
650 4 _910404
_aEmblemas Nacionales
_zRepública Dominicana
650 4 _954220
_aBanderas
_xHistoria
_zRepública Dominicana
910 _aMFeliz
942 _2ddc
_cLF2
999 _c53085
_d53085